105 món ăn - bài thuốc trị bệnh phong thấp Đau - Thấp khớp
Giới thiệu 105 món ăn- bài thuốc trị bệnh phong thấp theo lí luận Đông y như: Các món trị xương, khớp đau nhức, trị lưng, chân, tay đau nhức...
Spremljeno u:
| Glavni autor: | |
|---|---|
| Daljnji autori: | |
| Format: | Knjiga |
| Jezik: | Vietnamese |
| Izdano: |
Đồng Nai
Nxb. Đồng Nai
2005
|
| Teme: | |
| Oznake: |
Dodaj oznaku
Bez oznaka, Budi prvi tko označuje ovaj zapis!
|
| Thư viện lưu trữ: | Mạng thư viện Đại học Đà Nẵng |
|---|
| LEADER | 01511aam a22004098a 4500 | ||
|---|---|---|---|
| 001 | 000006675 | ||
| 003 | 2833 | ||
| 005 | 20110919090942.0 | ||
| 008 | 110916s2005 viesd | ||
| 020 | |c 14000đ |d 1000b | ||
| 041 | |a vie | ||
| 082 | |2 14 |a 641.508 |b Môt | ||
| 084 | |b M000T | ||
| 084 | |a N914.1-5 | ||
| 100 | 0 | |a Hồng Khánh | |
| 245 | |a 105 món ăn - bài thuốc trị bệnh phong thấp |b Đau - Thấp khớp |c B.s.: Kỳ Anh, Hồng Khánh | ||
| 260 | |a Đồng Nai |b Nxb. Đồng Nai |c 2005 | ||
| 300 | |a 143 tr. |c 20 cm. | ||
| 520 | |a Giới thiệu 105 món ăn- bài thuốc trị bệnh phong thấp theo lí luận Đông y như: Các món trị xương, khớp đau nhức, trị lưng, chân, tay đau nhức... | ||
| 650 | 7 | |2 Bộ TK TVQG |a Bệnh xương | |
| 650 | 7 | |2 Bộ TK TVQG |a Thấp khớp | |
| 650 | 7 | |2 Bộ TK TVQG |a Tay | |
| 650 | 7 | |2 Bộ TK TVQG |a Chân | |
| 650 | 7 | |2 Bộ TK TVQG |a Lưng | |
| 700 | 0 | |a Kỳ Anh |e b.s. | |
| 700 | 0 | |a Hồng Khánh |e b.s. | |
| 910 | |a Huỳnh Thị Cẩm Lai |d 16/09/2011 | ||
| OWN | |a LSP | ||
| AVA | |a UDN50 |b LSP |d 641.508 Môt |e available |t Error 5001 Not defined in file expand_doc_bib_avail. |f 3 |g 0 |h N |i 0 |k 1 | ||
| 999 | |a From the UDN01 | ||
| AVA | |a UDN50 |b LSP |d 641.508 Môt |e available |t Error 5001 Not defined in file expand_doc_bib_avail. |f 3 |g 0 |h N |i 0 |k 1 | ||
| TYP | |a Monograph | ||
| TYP | |a Printed language | ||
| 980 | |a Mạng thư viện Đại học Đà Nẵng | ||